Normal view
MARC view
- الرياضيات - التعليم التعاوني - طرق التدريس - الاردن
Entry Topical Term
001 - CONTROL NUMBER
- control field: 57636
003 - CONTROL NUMBER IDENTIFIER
- control field: JO-AjAnu
005 - DATE AND TIME OF LATEST TRANSACTION
- control field: 20230606083433.0
008 - FIXED-LENGTH DATA ELEMENTS
- fixed length control field: 230606|| aca||aabn | a|a d
040 ## - CATALOGING SOURCE
- Original cataloging agency: JO-AjAnu
- Transcribing agency: JO-AjAnu
150 ## - HEADING--TOPICAL TERM
- Topical term or geographic name entry element: الرياضيات - التعليم التعاوني - طرق التدريس - الاردن
670 ## - SOURCE DATA FOUND
- Source citation: Work cat.: (JO-AjAnu)29408: اعداد عبود، مصطفى احمد؛ اشراف احمد حسن القضاة, author 57635, اثر استخدام طريقة التعلم التعاوني على التحصيل والدافعية نحو نعلم الرياضيات في الاردن=The Effect of using coperative learning on the academic achievement and its motivtion towards learning mathematics in jordon